| 000 | 00503nam a22001817a 4500 | ||
|---|---|---|---|
| 005 | 20260423104726.0 | ||
| 008 | 260423b |||||||| |||| 00| 0 eng d | ||
| 020 | _a978-0-273-77363-4 | ||
| 082 |
_a658.8 _bWOO-E |
||
| 100 | _aWood's, Marion Burk | ||
| 245 | _aEssential Guide to Marketing Planning | ||
| 250 | _a3rd Ed | ||
| 260 |
_aUnited Kingdom _bPearson Education Limited _c2013 |
||
| 300 | _a329 p. | ||
| 500 | _aIncludes Glossary and index. | ||
| 650 | _aMarketing Management | ||
| 942 | _cBK | ||
| 999 |
_c47378 _d47378 |
||